000 00721nam a22002297a 4500
001 12954
003 BD-RjUL
005 20211208235400.0
008 140130s2010 bg a|||| |||| 001 0 eng d
020 _a9788170356417
035 _a(BD-RjUL)13004
040 _aBD-RjUL
_beng
_cBD-RjUL
041 _aeng
082 0 4 _a630.71
_220
_bEXT 2010
245 0 0 _aExtension strategies for agriculture and rural development /
_cedited by Ashok K Singh.
260 _aDelhi :
_bDaya Pub. House,
_c2010.
300 _axxvii, 437 p. :
_bill. (some col.), col. map ;
_c25 cm.
504 _aIncludes index.
650 0 _aAgricultural extension work
_xDeveloping countries.
_940381
700 1 _aSingh, Ashok K
_940382
942 _2ddc
_cBK
999 _c12954
_d12954